| 000 -CABECERA |
| Longitud fija campo de control |
00694nam a2200205 a 4500 |
| 001 - NÚMERO DE CONTROL |
| Número de control |
5091 |
| 003 - IDENTIFICADOR DEL NÚMERO DE CONTROL |
| Identificador del número de control |
CDMR |
| 005 - FECHA Y HORA DE LA ÚLTIMA TRANSACCIÓN |
| Fecha y hora de la última transacción |
20131001140148.0 |
| 008 - CÓDIGOS DE INFORMACIÓN DE LONGITUD FIJA |
| Códigos de información de longitud fija |
130130s1986||||||||||||||||||||||||||||d |
| 020 ## - NÚMERO INTERNACIONAL NORMALIZADO PARA LIBROS |
| Número Internacional Normalizado para Libros (ISBN) |
843230563X |
| 040 ## - FUENTE DE LA CATALOGACIÓN |
| Centro catalogador de origen |
CDMR |
| Lengua de catalogación |
cat |
| Centro transcriptor |
CDMR |
| 245 03 - MENCIÓN DE TÍTULO |
| Título |
La televisión en España mañana |
| Resto del título |
: modelos televisivos y opciones ideológicas |
| Mención de responsabilidad, etc. |
edición a cargo de Enrique Bustamante y Justo Villafañe |
| 260 ## - PUBLICACIÓN, DISTRIBUCIÓN, ETC. (PIE DE IMPRENTA) |
| Lugar de publicación, distribución, etc. |
Madrid |
| Nombre del editor, distribuidor, etc. |
Ente Público Radiotelevisión Madrid |
| 260 ## - PUBLICACIÓN, DISTRIBUCIÓN, ETC. (PIE DE IMPRENTA) |
| Fecha de publicación, distribución, etc. |
1986 |
| Nombre del editor, distribuidor, etc. |
Siglo XXI |
| 300 ## - DESCRIPCIÓN FÍSICA |
| Extensión |
331 p. |
| 500 ## - NOTA GENERAL |
| Nota general |
Ponències presentades a les jornades La Televisión en España Mañana |
| 700 1# - PUNTO DE ACCESO ADICIONAL - NOMBRE DE PERSONA |
| 9 (RLIN) |
125 |
| Nombre de persona |
Bustamante, Enrique |
| 700 1# - PUNTO DE ACCESO ADICIONAL - NOMBRE DE PERSONA |
| 9 (RLIN) |
993 |
| Nombre de persona |
Villafañe, Justo |
| 942 ## - ENTRADA DE ELEMENTOS AGREGADOS (KOHA) |
| Koha [por defecto] tipo de item |
Monografies |
| Fuente de clasificaión o esquema |
|